| 000 | 00534cam a2200205ua 4500 | ||
|---|---|---|---|
| 001 | 9378 | ||
| 005 | 20260515114447.0 | ||
| 008 | 150819n ii |||gr||||Z||||||asm | ||
| 040 | _cMAIN | ||
| 041 | _aasm | ||
| 082 | _a920 | ||
| 100 |
_aBuragohain, Nirupoma, _eAuthor. |
||
| 245 | 1 |
_aMohott jibonor sandhanot _cby Nirupoma Buragohain |
|
| 250 | _a2nd ed. | ||
| 260 |
_aJorhat: _bShubhrajyoti prakashan, _c2006. |
||
| 300 | _a96p. | ||
| 653 | _aBiography, genealogy & insignia | ||
| 653 | _aBiography of some greatmen | ||
| 942 | _cBK | ||
| 999 |
_c8428 _d8428 |
||